| 000 | 00352nam a2200145Ia 4500 | ||
|---|---|---|---|
| 008 | 230312s9999||||xx |||||||||||||| ||und|| | ||
| 020 | _a9781119059882 | ||
| 082 |
_a720.284 _bDUE-A |
||
| 100 | _aWarren,Bruce | ||
| 245 | 0 | _aPhotography | |
| 260 |
_bWiley _aCanada _c2015 |
||
| 300 | _a375 | ||
| 650 |
_aArchitecture _vArchitectural design |
||
| 942 | _cBK | ||
| 999 |
_c17270 _d17270 |
||